Music Quiz

Random Music or Artist Quiz
Score 0/100 Timer 12:00
0 Plays Today
Song Artist % Correct
GeeGirls' Generation
100%
I GOT A BOYGirls' Generation
100%
BOOMBAYAHBLACKPINK
100%
Mr.Mr.Girls' Generation
100%
OH!Girls' Generation
100%
GENIEGirls' Generation
100%
Into The New WorldGirls' Generation
100%
As If It's Your LastBLACKPINK
100%
Ice Cream CakeRed Velvet
99.7%
BANG BANG BANGBIGBANG
99.7%
FXXK ITBIGBANG
99.7%
LOSERBIGBANG
99.7%
Fantastic BabyBIGBANG
99.7%
OverdoseEXO
99.5%
Gangnam StylePSY
99.5%
CALL ME BABYEXO
99.5%
MonsterEXO
99.5%
Rum Pum Pum Pumf(x)
99.2%
Cherry BombNCT 127
99.2%
Ring Ding DongSHINee
99.2%
Electric Shockf(x)
99.2%
Hot Summerf(x)
99.2%
I Am The Best2NE1
99.2%
COME BACK HOME2NE1
99.2%
MansaeSEVENTEEN
99.2%
LUCIFERSHINee
99.2%
Married To The MusicSHINee
99.2%
Red Lightf(x)
99.2%
ReplaySHINee
99.2%
Like OOH AHHTWICE
99.2%
Girls Girls GirlsGOT7
99.2%
VERY NICESEVENTEEN
99.2%
Sherlock (Clue + Note)SHINee
99.2%
4 Wallsf(x)
99.2%
Song Artist % Correct
Stop Stop ItGOT7
99.2%
Fire2NE1
99.2%
Don't Wanna CrySEVENTEEN
99.2%
Just RightGOT7
99.2%
Black SuitSUPER JUNIOR
98.9%
Up & DownEXID
98.9%
Mr. SimpleSUPER JUNIOR
98.9%
DDDEXID
98.9%
Sorry, SorrySUPER JUNIOR
98.9%
GashinaSunmi
98.7%
The 7th SenseNCT U
98.7%
AloneSISTAR
98.1%
Touch My BodySISTAR
98.1%
GOOD BOYGD X TAEYANG
98.1%
Me Gustas TuGFriend
98.1%
Eyes, Nose, LipsTaeyang
97.9%
I Need UBTS
97.9%
EnergeticWanna One
97.6%
Very Very VeryI.O.I
97.6%
Hello BitchesCL
97.3%
Like a CatAOA
97.1%
Heart AttackAOA
97.1%
Chained UpVIXX
96.8%
ErrorVIXX
96.8%
Hot Issue4Minute
96.5%
Trouble MakerTrouble Maker
96.5%
Crazy4Minute
96.5%
MoveTaemin
96.5%
CongratulationsDAY6
96%
Bad Girl Good Girlmiss A
94.7%
Mr. ChuApink
94.4%
MIROTICTVXQ!
93.6%
Sugar FreeT-ara
92.8%
Bo Peep Bo PeepT-ara
92.8%
Song Artist % Correct
Roly-PolyT-ara
92.8%
My CopycatOrange Caramel
92.5%
CatallenaOrange Caramel
92.5%
HERBlock B
90.9%
NobodyWonder Girls
90.9%
Roll DeepHyuna
90.9%
BADINFINITE
90.7%
Be MineINFINITE
90.7%
The ChaserINFINITE
90.7%
CrookedG-DRAGON
90.1%
AbracadabraBrown Eyed Girls
89.6%
FACENU'EST
88%
STEPKARA
86.4%
Mr.KARA
86.4%
ONE SHOTB.A.P
86.1%
HANDS UPB.A.P
86.1%
FictionBEAST
85.9%
ShockBeast
85.9%
Twenty-ThreeIU
84.8%
HANDS UP2PM
83.7%
LIAR LIAROH MY GIRL
80.5%
Female PresidentGirls Day
78.4%
ExpectGirls Day
78.4%
Ma BoySISTAR 19
76.3%
Perfect ManSHINHWA
73.3%
Hurricane VenusBoA
70.4%
NO.1BoA
70.4%
RockingTeen Top
67.2%
Rollin'Brave Girls
62.7%
Super Fly24K
61.1%
JOKERDalshabet
49.1%
Because of youAfter School
46.4%
Remove Ads.
Support Sporcle.
Get the best of Sporcle when you Go Orange. This ad-free experience offers more features, more stats, and more fun while also helping to support Sporcle. Thank you for becoming a member.

You're not logged in!

Compare scores with friends on all Sporcle quizzes.
OR
Log In

Sporcle TV

Today on Sporcle TV


Watch our educational content, quiz creation guides, and fun videos on Sporcle TV.

Show Comments

Extras

Top Quizzes Today


Score Distribution

Paid Content

Your Account Isn't Verified!

In order to create a playlist on Sporcle, you need to verify the email address you used during registration. Go to your Sporcle Settings to finish the process.

Report this User

Report this user for behavior that violates our Community Guidelines.

Details: